00708nam a2200193 a 450000100100000000500170001000800410002702000150006802000150008304000250009810000370012324500760016026000590023630000320029550000210032770000440034895201050039299900170049700003653920200930075804.0120119s1981 xxu 000 0 spa d a0256023085 a0256023085 aDO-SdBNPbspacBNPHU1 aFair, Marvin Luke,d1897-96279310aTransportation and logistics /cMarvin L. Fair, Ernest W. Williams, Jr. aTexas, Estados Unidos :bBusiness Publications,c1981. axi, 512 p. :bil. ;c24 cm. aIncluye índice12aWilliams, Ernest William,d1916-962794 001050718MOaGRbGRcCTd2012-01-19iLF1l0o p36539-10r2020-06-25w2020-06-25y1ZNo se presta c36030d36030